000 00677nam a22002057a 4500
999 _c7795
_d7795
003 AR-CdUCM
008 190321b ||||| |||| 00| 0 spa d
040 _aMUNICIPALIDAD PROVINCIAL DEL CUSCO
_cBIBLIOTECA MUNICIPAL DEL CUSCO
082 _22ed.
_a868.3 /
_bAS83
100 _aAstrana Marín, Luis
_922031
245 _aLa vida turbulenta de Quevedo /
260 _aMadrid :
_bGran Capitan,
_c1945.
300 _a622 páginas ;
_bilustraciones ;
_c20 cm.
440 _aColección historica "Gran Capitan".
_922032
650 _aQuevedo Francisco de, 1580-1645
_922033
650 _aAutores españoles
_911961
650 _aBiografía
_922
942 _2ddc
_cLIBROS
945 _azta